Statystyki dla Państwa graniczące z Państwami UE

Kliknij tutaj aby rozwiązać quiz!

Ogólne statystyki

  • Ten quiz został rozwiązany 355 razy
    (334 od ostatniego zresetowania)
  • Średni wynik to 16 z 22

Statystyki odpowiedzi

Państwo% Poprawnych
Rosja
96%
Białoruś
89%
Turcja
89%
Ukraina
89%
Norwegia
86%
Serbia
84%
Albania
83%
Bośnia i Hercegowina
80%
Andora
79%
Szwajcaria
79%
Macedonia Pólnocna
78%
San Marino
78%
Watykan
78%
Liechtenstein
77%
Czarnogóra
74%
Mołdawia
73%
Wielka Brytania
73%
Monako
69%
Maroko
59%
Brazylia
47%
Surinam
43%
Kanada
26%

Rozkład punktacji

Percentyl według liczby udzielonych odpowiedzi

Procent ludzi z każdym wynikiem

Twoja historia wyników

Nie rozwiązałeś tego quizu od ostatniego zresetowania